000 01179cab a2200337 4500
001 WB3401-59
008 090401t1998 xxu||||| |||| 00| 0 eng d
035 _a(Sirsi) u83008
041 _aeng
245 _aHome buying process cheap but slow
260 _c1998
350 _a0
490 _aDoE News Release
_v(005) 6 January 1998 (3)
520 _aBritain has the cheapest but also one of the slowest systems of house buying of ten countries surveyed worldwide, according to the first findings to emerge from the government`s investigations into the home buying process.
650 _aCONDITIONAL CONTRACTS
650 _aCOSTS
650 _aDELAYS
650 _aGAZUMPING
650 _aGOVERNMENT STUDY
650 _aPROPERTY-RESIDENTIAL PROPERTY-ACQUISITION AND DISPOSAL OF RESIDENTIAL PROPERTY
650 _aHOUSE PURCHASE
650 _aHOUSING MARKET TRANSACTION PROJECT
650 _aINTERNATIONAL COMPARISON
650 _aPRE-CONTRACT PROCEDURES
650 _aREFORM
650 _aSUBJECT TO CONTRACT AGREEMENTS
650 _aTIME
690 _aPROPERTY-RESIDENTIAL PROPERTY-RESIDENTIAL PROPERTY MARKET
942 _n0
948 _c07/01/1998
999 _c52437
_d52437